000 00766cam a22002533a 4500
001 15281
003 PGUSA
005 20140828083328.0
008 050307s2005||||xxu|||||s|||||000 1 eng d
040 _aPGUSA
_beng
042 _adc
050 4 _aPZ
100 1 _aGaris, Howard Roger,
_d1873-1962
245 1 0 _aUncle Wiggily's Adventures
_h[electronic resource] /
_cHoward Roger Garis
260 _bProject Gutenberg,
_c2005
506 _aPublic domain in the USA.
516 _aElectronic text
653 _aAnimals -- Juvenile fiction
653 _aUncle Wiggily (Fictitious character) -- Juvenile fiction
653 _aRabbits -- Juvenile fiction
830 0 _aProject Gutenberg
_v15281
856 4 0 _uhttp://www.gutenberg.org/ebooks/15281
942 _cEB
999 _c244536
_d244536